| 000 | 00772naa a2200229 i 4500 | ||
|---|---|---|---|
| 001 | 14058 | ||
| 003 | ES-MaBCM | ||
| 005 | 20241016091823.0 | ||
| 008 | 910425s1991 gbr 000 0 eng d | ||
| 021 | _axx | ||
| 035 | _a(OCoLC)1365155939 | ||
| 040 | _cES-MaBCM | ||
| 041 | 0 | _aeng | |
| 043 | _agbr | ||
| 100 | 1 |
_aShore, Cris _943969 |
|
| 245 | 1 | 0 |
_aLenin and the crisis of communism _b: the view from inside _cCris Shore |
| 520 | _aInterpretaciones a la crisis del comunismo, los defectos de la filosofía de Lenin, el fracaso del llamado "centralismo democrático", la actitud de Gorbachev | ||
| 650 | 2 | 7 |
_aComunismo _958021 |
| 651 | 2 | 0 |
_aURSS _9117135 |
| 773 | 0 |
_aEn: _tGovernment and opposition _dLondon : 1991 _w104671 _gnº 1, winter ; p. 86-100 |
|
| 942 | _cAREV | ||
| 999 |
_c14058 _d14058 |
||